00387 2200157 4500001002100000008004100021035002000062245003700082100001900119260002800138300001100166084001400177082000800191650001200199990001800211INLIS000000000000502 ind  a0010-0724000502 aAyam Dan KelincicGibran maulana aGibran maulana aSurabayabCahaya agensi a32 hlm a398 GIB a a398 aFolklor aP29/CP/24/502